Deporte y aprendizaje : procesos de adquisición y desarrollo de habilidades /
Guardado en:
| Autor Principal: | |
|---|---|
| Formato: | Libro |
| Publicado: |
Madrid :
Visor,
1994
|
| Series: | Aprendizaje
|
| Materias: | |
| Etiquetas: |
Agregar Etiqueta
Sin Etiquetas, Sea el primero en etiquetar este registro!
|
| LEADER | 01360nam a22002295a 4500 | ||
|---|---|---|---|
| 001 | CEM.cems009923 | ||
| 005 | 20080702093654.0 | ||
| 008 | 130507s1994##################000#0#####d | ||
| 003 | CEMS | ||
| 020 | |a 847774095X | ||
| 082 | 0 | 4 | |a 371.73 |
| 100 | 1 | |a Ruiz Pérez, Luis Miguel | |
| 245 | 1 | 0 | |a Deporte y aprendizaje : |b procesos de adquisición y desarrollo de habilidades / |c Luis Miguel Ruiz Pérez |
| 260 | |a Madrid : |b Visor, |c 1994 | ||
| 300 | |a 286 p. | ||
| 490 | 0 | |a Aprendizaje | |
| 505 | 0 | |a El aprendizaje motor y deportivo como campo de estudio y aplicación -- Teorías y modelos de aprendizaje motor y deportivo -- Control de movimientos deportivos -- El proceso de adquisición de habilidades motrices y deportivas -- Habilidades y tareas motrices -- Aprender para el futuro: la cuestión de la transferencia -- Disposición para el aprendizaje: motivación y activación -- Mecanismos y procesos cognitivos en la adquisición de habilidades deportivas -- Atención y aprendizaje -- Retención motriz y memoria -- Informar para que aprendan -- Practicar para progresar -- Feedback y conocimiento de resultados -- Medición y valoración del aprendizaje motor | |
| 653 | |a Educación | ||
| 653 | |a Educación física | ||
| 653 | |a Educación física-didáctica | ||
| 653 | |a Aprendizaje motor | ||
| 859 | |a CEMS |b BIB. CEMS - 11 de abril |h 371.73 |i R859 |p 20193.99 |t Ej.1 | ||
